01119nmc a2200373 a 4500003000900000005001700009008004100026020001800067040001300085100001800098245003900116260002900155300001900184490004700203500003700250504003000287650001500317650001500332650001400347650001500361650002300376650001700399650003200416650002300448650001300471650001300484653001600497800004200513800004500555942000700600998001200607999001700619952010900636AR-BaBNM20251128205605.0268019s1993 ||||||||||||||000 | spa|| a84-7738-163-1 cAR-BaBNM1 aTaibo, Carlos10aLa Unión Soviética [1917-1991] aMadridbSíntesisc1993 a238 p.btablas 0aHistoria universal: contemporáneavv. 14 aApéndice documental p. 219-226 aBibliografía p. 227-238 4aREVOLUCION 4aSOCIALISMO 4aCOMUNISMO 4aREVOLUCION 4aDISTURBIOS CIVILES 4aGUERRA CIVIL 4aMOVIMIENTOS REVOLUCIONARIOS 4aPROBLEMAS SOCIALES 4aECONOMIA 4aSOCIEDAD aPERESTROIKA1 aPlácido Suárez, Domingoedirector1 aHernández Sandoica, Elenaecoordinador cBK cMariana c12027d12027 00102ddc405171aLPLbLPLd2025-11-28l0o940.2 C-HCO 14p110591r2025-11-28 20:56:05w2025-11-28yBK